<?xml version="1.0" encoding="UTF-8"?>
<record
    xmlns:xsi="http://www.w3.org/2001/XMLSchema-instance"
    xsi:schemaLocation="http://www.loc.gov/MARC21/slim http://www.loc.gov/standards/marcxml/schema/MARC21slim.xsd"
    xmlns="http://www.loc.gov/MARC21/slim">

  <leader>01052nam0a2200301   4500</leader>
  <controlfield tag="001">RU\NLR\ONL1\16246</controlfield>
  <controlfield tag="005">20260406115054.0</controlfield>
  <datafield tag="035" ind1=" " ind2=" ">
    <subfield code="a">(NLR Aleph) 009644985</subfield>
  </datafield>
  <datafield tag="090" ind1=" " ind2=" ">
    <subfield code="a">9560902</subfield>
    <subfield code="c">9560902</subfield>
  </datafield>
  <datafield tag="100" ind1=" " ind2=" ">
    <subfield code="a">20100309d1941    u  y0rusy50      ca</subfield>
  </datafield>
  <datafield tag="101" ind1="1" ind2=" ">
    <subfield code="a">mdf</subfield>
    <subfield code="c">rus</subfield>
  </datafield>
  <datafield tag="102" ind1=" " ind2=" ">
    <subfield code="a">RU</subfield>
  </datafield>
  <datafield tag="105" ind1=" " ind2=" ">
    <subfield code="a">c |||||||||</subfield>
  </datafield>
  <datafield tag="200" ind1="1" ind2=" ">
    <subfield code="a">&#x421;&#x442;&#x438;&#x445;&#x442;&#x44C; &#x434;&#x44B; &#x43F;&#x43E;&#x44D;&#x43C;&#x430;&#x442;</subfield>
    <subfield code="f">&#x41C;. &#x42E;. &#x41B;&#x435;&#x440;&#x43C;&#x43E;&#x43D;&#x442;&#x43E;&#x432;</subfield>
    <subfield code="g">[&#x43F;&#x435;&#x440;. &#x43A;&#x43E;&#x43B;.</subfield>
    <subfield code="g">&#x440;&#x435;&#x434;. &#x43F;&#x435;&#x440;. &#x410;. &#x420;&#x43E;&#x433;&#x43E;&#x436;&#x438;&#x43D;</subfield>
  </datafield>
  <datafield tag="205" ind1=" " ind2=" ">
    <subfield code="a">1 &#x438;&#x437;&#x434;.]</subfield>
  </datafield>
  <datafield tag="210" ind1=" " ind2=" ">
    <subfield code="a">&#x421;&#x430;&#x440;&#x430;&#x43D;&#x441;&#x43A;</subfield>
    <subfield code="c">&#x41C;&#x43E;&#x440;&#x434;&#x43E;&#x432;&#x433;&#x438;&#x437;</subfield>
    <subfield code="d">1941</subfield>
  </datafield>
  <datafield tag="215" ind1=" " ind2=" ">
    <subfield code="a">59,[3] &#x441;.</subfield>
    <subfield code="c">&#x43F;&#x43E;&#x440;&#x442;&#x440;.</subfield>
    <subfield code="d">14</subfield>
  </datafield>
  <datafield tag="541" ind1="1" ind2=" ">
    <subfield code="a">&#x421;&#x442;&#x438;&#x445;&#x438; &#x438; &#x43F;&#x43E;&#x44D;&#x43C;&#x44B;</subfield>
    <subfield code="z">rus</subfield>
  </datafield>
  <datafield tag="686" ind1="1" ind2=" ">
    <subfield code="a">&#x428;6(2=&#x41C;&#x43E;&#x440;&#x434;)-91&#x420;5-5</subfield>
  </datafield>
  <datafield tag="700" ind1=" " ind2="1">
    <subfield code="4">070</subfield>
    <subfield code="8">rus</subfield>
    <subfield code="7">ca</subfield>
    <subfield code="a">&#x41B;&#x435;&#x440;&#x43C;&#x43E;&#x43D;&#x442;&#x43E;&#x432;</subfield>
    <subfield code="b">&#x41C;. &#x42E;.</subfield>
    <subfield code="c">&#x43F;&#x43E;&#x44D;&#x442;</subfield>
    <subfield code="f">1814-1841</subfield>
    <subfield code="g">&#x41C;&#x438;&#x445;&#x430;&#x438;&#x43B; &#x42E;&#x440;&#x44C;&#x435;&#x432;&#x438;&#x447;</subfield>
    <subfield code="3">RU\NLR\auth\77328</subfield>
    <subfield code="9">110383</subfield>
  </datafield>
  <datafield tag="801" ind1=" " ind2="0">
    <subfield code="a">RU</subfield>
    <subfield code="b">NLR</subfield>
    <subfield code="c">20100309</subfield>
    <subfield code="g">PSBO</subfield>
  </datafield>
  <datafield tag="852" ind1=" " ind2=" ">
    <subfield code="a">NLR</subfield>
    <subfield code="b">&#x41E;&#x41D;&#x41B;</subfield>
    <subfield code="j">&#x41C;&#x43E;&#x440;&#x434;.&#x43C;./1-225</subfield>
  </datafield>
  <datafield tag="942" ind1=" " ind2=" ">
    <subfield code="c">BOOK</subfield>
  </datafield>
  <datafield tag="945" ind1=" " ind2=" ">
    <subfield code="a">&#x420;&#x43E;&#x441;&#x441;&#x438;&#x439;&#x441;&#x43A;&#x430;&#x44F; &#x43D;&#x430;&#x446;&#x438;&#x43E;&#x43D;&#x430;&#x43B;&#x44C;&#x43D;&#x430;&#x44F; &#x431;&#x438;&#x431;&#x43B;&#x438;&#x43E;&#x442;&#x435;&#x43A;&#x430;</subfield>
  </datafield>
  <datafield tag="980" ind1=" " ind2=" ">
    <subfield code="a">NB</subfield>
  </datafield>
  <datafield tag="980" ind1=" " ind2=" ">
    <subfield code="a">BV</subfield>
  </datafield>
  <datafield tag="995" ind1=" " ind2=" ">
    <subfield code="5">2013-10-26</subfield>
    <subfield code="b">NLR01</subfield>
    <subfield code="c">NLR01</subfield>
    <subfield code="e">ONL</subfield>
    <subfield code="f">1-1444611</subfield>
    <subfield code="k">&#x41C;&#x43E;&#x440;&#x434;.&#x43C;./1-225</subfield>
    <subfield code="o">0</subfield>
    <subfield code="r">BOOK</subfield>
    <subfield code="s">1225_</subfield>
  </datafield>
</record>
